Truyện Cổ M'Nông

Sách gồm 13 tập truyện nói về các số phận nhân vật khác nhau như người mô côi, người lao động, người tài giỏi, người thông minh, ngốc nghếch...

Na minha lista:
Detalhes bibliográficos
Formato: Livro
Idioma:Undetermined
Publicado em: Hà Nội Hội nhà văn 2016
Assuntos:
Tags: Adicionar Tag
Sem tags, seja o primeiro a adicionar uma tag!
Thư viện lưu trữ: Trung tâm Học liệu Trường Đại học Cần Thơ
LEADER 00826nam a2200193Ia 4500
001 CTU_226768
008 210402s9999 xx 000 0 und d
082 |a 398.209597 
082 |b Tr527/T.1 
245 0 |a Truyện Cổ M'Nông 
245 0 |c Trương Thông Tuấn (sưu tầm, giới thiệu) 
260 |a Hà Nội 
260 |b Hội nhà văn 
260 |c 2016 
520 |a Sách gồm 13 tập truyện nói về các số phận nhân vật khác nhau như người mô côi, người lao động, người tài giỏi, người thông minh, ngốc nghếch... 
650 |a Văn học dân gian, người Việt,Folk literature, Vietnamese 
904 |i Nhi 
910 |b dqhieu 
980 |a Trung tâm Học liệu Trường Đại học Cần Thơ